Diplomatic history of modern Iraq (Record no. 357677)

000 -LEADER
fixed length control field 00350cam a22001217a 4500
008 - FIXED-LENGTH DATA ELEMENTS--GENERAL INFORMATION
fixed length control field 180718b1961 xxu||||| |||| 00| 0 eng d
082 ## - DEWEY DECIMAL CLASSIFICATION NUMBER
Classification number Dx567 A162
100 ## - MAIN ENTRY--PERSONAL NAME
Personal name Al-Marayati, Abid A.
245 ## - TITLE STATEMENT
Title Diplomatic history of modern Iraq
Statement of responsibility, etc. by Abid A. Al-Marayati
260 ## - PUBLICATION, DISTRIBUTION, ETC.
Place of publication, distribution, etc. New York
Name of publisher, distributor, etc. Speller
Date of publication, distribution, etc. 1961
300 ## - PHYSICAL DESCRIPTION
Extent 222p.
650 ## - SUBJECT ADDED ENTRY--TOPICAL TERM
Topical term or geographic name entry element Iraq --Foreign relations
Holdings
Withdrawn status Lost status Damaged status Not for loan Permanent Location Current Location Date acquired Full call number Barcode Date last seen Price effective from Koha item type
        Indian Institute of Public Administration Indian Institute of Public Administration 1994-01-15 Dx567 A162 26429 2018-07-21 2018-07-21 Book

Powered by Koha